000 02465nam a2200337Ia 4500
008 130821s1602 sp a gr spa
040 _aCo-BoUCM
_bspa
041 0 _alat
092 _aE16N053
100 1 _aGutiérrez, Juan
_dd. 1618
245 1 0 _aTractatus de tutelis et curis minorum, deque officio et obligatione tutorum ac curatorum, et mercede ipsorum
_bUniversam materiam, quamvis amplam et diffusam, numquam tamen hucusque omnino congestam, certa quadam divisiones miro ordine sub capi
246 1 3 _a[Tratado sobre las tutelas y la protección de los menores; sobre los deberes y obligaciones de tutores y curadores y sobre la remuneración de los mismos. Aunque esta materia, amplia y extensa, no había sido abordada en su conjunto, se presenta a
260 _aSalamanca (España)
_bSalmanticae apud Petrum, & Thomas Lassum fratres [hermanos Pedro y Tomás Lasso] a costa de Iuana Maldonado ...
_c1602
300 _a[12], 742, [101] páginas
_bilustraciones
500 _aDetalles físicos (Copia 2): Ejemplar desencuadernado, primer cuadernillo suelto, sin tapa posterior, varias manchas de humedad en el papel. En la portada, anotaciones de propiedad. Una, escrita a mano, dice: "Foja 246". Y en pág. 246 firma: "Doc
500 _aDetalles físicos: Encuadernación en pergamino, con dobleces y manchas. Conserva guarda delantera, utilizando papel de impresos anteriores (derecho canónico sobre los religiosos que cambian de comunidad). Portada sencilla impresa a una sola tinta
504 _aIncluye índice.
505 0 _aParte primera (en 24 capítulos): Qué es la tutela. ; De qué clases es. ; Quienes pueden nombrar tutor por testamento. ; El tutor testamentario que señala el padre. ; Si la madre de impúber puede nombrar tutor para su hijo. ; El tutor testamentar
506 _aConsulta en sala.
546 _aTexto en latín.
650 _aDerecho civil
_912711
650 _aDerecho civil
_xCuratela
_912711
650 _aDerecho civil
_xMenores
_xLegislación
_zEspaña
_ysiglo xvi
_912711
650 _aDerecho civil
_xTutela
_912711
700 1 _aLass, Pedro
_eimp.
700 1 _aLass,Tomás
_eimp.
700 1 _aMaldonado, Juana
856 4 1 _zDisponible en línea
_uhttp://books.google.com.co/books?id=Tc-VM2isKFQC&printsec=frontcover&dq=Tractatus+de+tutelis+1602&hl=es&sa=X&ei=LzMwT6muGIWFiAKJk8HkCg&redir_esc=y#v=onepage&q&f=false
942 _cLIBRO
_a8
_e1
_2DEWEY
_h346.018
999 _c78850
_d78850